Moto GP-Meister - Statistiken

Allgemein
  • Dieses Quiz wurde 365 mal gespielt
    359 seit der letzten Aktualisierung
  • Das Durchschnittsergebnis liegt bei 11 aus 16
Antwortstatistiken
Hint Antwort % Korrekt
2002 Valentino Rossi
95%
2004 Valentino Rossi
87%
2005 Valentino Rossi
87%
2003 Valentino Rossi
86%
2017 Marc Marquez
82%
2016 Marc Marquez
81%
2008 Valentino Rossi
75%
2009 Valentino Rossi
74%
2014 Marc Marquez
71%
2013 Marc Marquez
70%
2015 Jorge Lorenzo
63%
2012 Jorge Lorenzo
59%
2010 Jorge Lorenzo
57%
2007 Casey Stoner
55%
2011 Casey Stoner
55%
2006 Nicky Hayden
51%
Keine übereinstimmenden Quizze gefunden
Verteilung der Resultate
Anzahl Personen mit jedem Resultat
Perzentil nach korrekt beantworteten Fragen
Ihre Resultats-Entwicklung
Sie haben dieses Quiz seit der letzten Aktualisierung nicht gespielt